| 000 | 00928nas a2200301 4500 | ||
|---|---|---|---|
| 001 | BR2013010727 | ||
| 003 | BR-BrBNA | ||
| 005 | 20231205123521.0 | ||
| 007 | ta | ||
| 008 | 230509b bl.|||p| |||| 00| 00por d | ||
| 040 |
_aBR-BrBNA _bpor _cBiblioteca Nacional de Agricultura |
||
| 041 | _a(En) | ||
| 072 | _aF01 | ||
| 100 | 1 | _aRoberto, S.R. | |
| 100 | 1 | _aAssis, A.M. de | |
| 100 | 1 | _aYamamoto, L.Y. | |
| 100 | 1 | _aMiotto, L.C.V. | |
| 100 | 1 | _aKoyama, R. | |
| 100 | 1 | _aSato, A.J. | |
| 100 | 1 | _aBorges, R. de S. | |
| 245 | 1 | _aEthephon use and application timing of abscisic acid for improving color of Rubi table grape | |
| 650 | _aUVA | ||
| 650 | _aREGULADOR DE CRESCIMENTO | ||
| 650 | _aPROPRIEDADE FÍSICO-QUÍMICA | ||
| 773 | 0 |
_tPesquisa Agropecuária Brasileira (Brazil) _xISSN 0100-204X _g(Jul 2013), v. 48(7) p. 797-800 _wBR2013010727 |
|
| 909 |
_a202311 _bLúcia _c55 _dLúcia Elande |
||
| 942 |
_2AGRIS _n0 _cANA |
||
| 999 |
_c234307 _d234307 |
||